|
|
|
|
| LEADER |
00000nbm0a2200000 4500 |
| 001 |
107916 |
| 005 |
20250109063127.0 |
| 035 |
|
|
|a (RuTPU)RU\TPU\book\116506
|
| 090 |
|
|
|a 107916
|
| 100 |
|
|
|a 20070110j20061227k y0rusy50 ca
|
| 101 |
0 |
|
|a rus
|
| 102 |
|
|
|a RU
|
| 105 |
|
|
|a a m 001zy
|
| 200 |
1 |
|
|a Феноменологическое моделирование аналитических сигналов в форме пиков
|e диссертация на соискание ученой степени доктора химических наук
|e Спец. 02.00.02
|f С. В. Романенко
|g Томский политехнический университет; науч. конс. А. Г. Стромберг
|
| 210 |
|
|
|a Томск
|c [Б. и.]
|d 2006
|
| 215 |
|
|
|a 425 л.
|c ил.
|
| 320 |
|
|
|a Библиогр.: с. 373-401 (280 назв.).
|
| 606 |
1 |
|
|a Аналитические сигналы
|x Математические методы
|2 stltpush
|3 (RuTPU)RU\TPU\subj\64839
|9 81565
|
| 610 |
1 |
|
|a аналитическая химия
|
| 610 |
1 |
|
|a аналитические пики
|
| 610 |
1 |
|
|a свойства
|
| 610 |
1 |
|
|a феноменологические модели
|
| 610 |
1 |
|
|a построение
|
| 610 |
1 |
|
|a информация
|
| 610 |
1 |
|
|a обработка информации
|
| 610 |
1 |
|
|a применение
|
| 610 |
1 |
|
|a диссертации
|
| 610 |
1 |
|
|a труды учёных ТПУ
|
| 675 |
|
|
|a 543:51(04)
|v 3
|
| 686 |
|
|
|a 02.00.02
|2 oksvnk
|
| 700 |
|
1 |
|a Романенко
|b С. В.
|g Сергей Владимирович
|
| 702 |
|
1 |
|a Стромберг
|b А. Г.
|c химик, специалист в области классической полярографии и инверсионной вольтамперометрии
|c профессор Томского политехнического института
|f 1910-2004
|g Армин Генрихович
|3 (RuTPU)RU\TPU\pers\11188
|4 695
|9 2478
|
| 712 |
0 |
2 |
|a Томский политехнический университет
|c (1991-2009)
|7 ca
|8 rus
|3 (RuTPU)RU\TPU\col\376
|9 23382
|
| 801 |
|
1 |
|a RU
|b 63413507
|c 20070110
|g PSBO
|
| 801 |
|
2 |
|a RU
|b 63413507
|c 20150423
|g PSBO
|
| 942 |
|
|
|c BK
|